| 000 | 00596nam a2200169Ia 4500 | ||
|---|---|---|---|
| 008 | 110201s9999 xx 000 0 und d | ||
| 082 |
_bB3407 _aP 46 |
||
| 100 | _aगोरखपुरी सनम | ||
| 245 | _aक्रान्ति गीत माला | ||
| 260 | _bसंगीता कविता प्रकाशन | ||
| 365 | _b25 | ||
| 600 | _aगोरखपुरी सनम | ||
| 630 | _aक्रान्ति गीत माला | ||
| 700 | _aगोरखपुरी सनम | ||
| 730 | _aक्रान्ति गीत माला | ||
| 942 | _cBOOK | ||
| 999 |
_c830041 _d830038 |
||